Art of this century; (Record no. 5821)

MARC details
000 -LEADER
fixed length control field 01079cam a2200325u 4500
001 - CONTROL NUMBER
control field 8791329
003 - CONTROL NUMBER IDENTIFIER
control field OSt
005 - DATE AND TIME OF LATEST TRANSACTION
control field 20260429155346.0
008 - FIXED-LENGTH DATA ELEMENTS--GENERAL INFORMATION
fixed length control field 810330s1942 nyu 000 0 eng
010 ## - LIBRARY OF CONGRESS CONTROL NUMBER
LC control number 42017126
020 ## - INTERNATIONAL STANDARD BOOK NUMBER
International Standard Book Number 0892073209
035 ## - SYSTEM CONTROL NUMBER
System control number 8791329
040 ## - CATALOGING SOURCE
Original cataloging agency DLC
Transcribing agency Foundation University
050 00 - LIBRARY OF CONGRESS CALL NUMBER
Classification number N 5630
Item number G84 .2004
100 1# - MAIN ENTRY--PERSONAL NAME
Personal name Guggenheim, Peggy,
Dates associated with a name 1898-1979.
9 (RLIN) 15723
245 00 - TITLE STATEMENT
Title Art of this century;
260 ## - PUBLICATION, DISTRIBUTION, ETC.
Place of publication, distribution, etc. New York,
Name of publisher, distributor, etc. Art of this century
Date of publication, distribution, etc. 2004
264 ## - PRODUCTION, PUBLICATION, DISTRIBUTION, MANUFACTURE, AND COPYRIGHT NOTICE
Copyright Date 2004
300 ## - PHYSICAL DESCRIPTION
Extent 396 p.:
Materials specified books
Other physical details col. ill.
Dimensions 24 cm
Type of unit books
336 ## - CONTENT TYPE
Content type term text
Content type code txt
Source rdacontent
Materials specified books
337 ## - MEDIA TYPE
Media type term unmediated
Media type code n
Source rdamedia
Materials specified books
338 ## - CARRIER TYPE
Carrier type term volume
Carrier type code nc
Source rdacarrier
Materials specified books
650 #0 - SUBJECT ADDED ENTRY--TOPICAL TERM
Topical term or geographic name entry element Art, Modern
Chronological subdivision 20th century
General subdivision History.
9 (RLIN) 15580
650 #0 - SUBJECT ADDED ENTRY--TOPICAL TERM
Topical term or geographic name entry element Modernism (Art)
9 (RLIN) 14030
650 #0 - SUBJECT ADDED ENTRY--TOPICAL TERM
Topical term or geographic name entry element Art
General subdivision Private collections.
9 (RLIN) 15724
710 1# - ADDED ENTRY--CORPORATE NAME
Corporate name or jurisdiction name as entry element New York.
Title of a work Art of this century.
9 (RLIN) 15725
906 ## - LOCAL DATA ELEMENT F, LDF (RLIN)
a 0
b cbc
c premunv
d u
e ncip
f 19
g y-gencatlg
942 ## - ADDED ENTRY ELEMENTS (KOHA)
Source of classification or shelving scheme Library of Congress Classification
Koha item type Books
Classification part N 5630
Item part .2004 G84
Call number prefix (DAFA-FA)
Holdings
Withdrawn status Lost status Source of classification or shelving scheme Damaged status Not for loan Collection code Home library Current library Shelving location Date acquired Source of acquisition Total Checkouts Full call number Barcode Date last seen Price effective from Koha item type Accession Number
    Library of Congress Classification     Non-fiction Foundation University Library Foundation University Library DoArchitecture & Fine Arts 04/29/2026 Donations   (DAFA-FA) N 5630 .2004 G84 0192026003268 04/29/2026 04/29/2026 Books DAFA-2026268